Every Paul McCartney Song - Statistics

General Stats
  • This quiz has been taken 328 times
    261 since last reset
  • The average score is 108 of 383
Answer Stats
Album McCartney % Correct
Band On The Run Band On The Run
90%
McCartney Maybe I'm Amazed
83%
RAM Too Many People
82%
RAM Uncle Albert / Admiral Halsey
82%
Band On The Run Jet
80%
Wings at the Speed of Sound Silly Love Songs
80%
Give My Regards to Broad Street Silly Love Songs / Silly Love Songs (Reprise)
80%
McCartney Junk
78%
RAM Ram On
78%
RAM Ram On (Reprise)
78%
RAM The Back Seat of My Car
77%
McCartney II Temporary Secretary
75%
RAM Monkberry Moon Delight
74%
Venus and Mars Venus and Mars
74%
Pipes of Peace Pipes of Peace
73%
Pipes of Peace Say Say Say
73%
Venus and Mars Venus and Mars (Reprise)
73%
McCartney The Lovely Linda
72%
Tug of War Tug of War
72%
McCartney II Coming Up
70%
Singles Live and Let Die
70%
Flaming Pie Flaming Pie
68%
RAM Heart of the Country
68%
Band On The Run Bluebird
67%
Band On The Run Nineteen Hundred and Eighty-Five
67%
RAM 3 Legs
66%
Red Rose Speedway My Love
65%
Band On The Run Picasso's Last Words (Drink to Me)
65%
Band On The Run Let Me Roll It
64%
Wings at the Speed of Sound Let 'Em In
63%
NEW New
63%
Wild Life Wild Life
63%
Tug of War Ebony and Ivory
60%
London Town London Town
59%
Tug of War Here Today
58%
RAM Long Haired Lady
58%
Singles Another Day
57%
Venus and Mars Listen to What the Man Said
57%
Venus and Mars Rock Show
57%
Egypt Station Fuh You
56%
Band On The Run Mrs. Vandebilt
55%
Press to Play Press
55%
McCartney II Waterfalls
55%
McCartney Every Night
52%
McCartney Teddy Boy
51%
RAM Eat at Home
51%
Venus and Mars Medicine Jar
51%
RAM Dear Boy
50%
Driving Rain Driving Rain
48%
Give My Regards to Broad Street No More Lonely Nights
48%
Give My Regards to Broad Street No More Lonely Nights (Ballad Reprise)
48%
Give My Regards to Broad Street No More Lonely Nights (Playout Version)
48%
Run Devil Run Run Devil Run
48%
RAM Smile Away
48%
Back to the Egg Arrow Through Me
47%
Egypt Station Come On to Me
45%
Flowers in the Dirt My Brave Face
45%
Off the Ground Off the Ground
45%
Red Rose Speedway Big Barn Bed
44%
Wild Life Bip Bop
44%
Wild Life Bip Bop (Link)
44%
Wild Life Dear Friend
44%
Chaos and Creation in the Backyard Jenny Wren
44%
Venus and Mars Magneto and Titanium Man
44%
Band On The Run Mamunia
44%
Singles Mull of Kintyre
44%
Memory Almost Full Dance Tonight
43%
McCartney Hot As Sun / Glasses
43%
McCartney Singalong Junk
43%
London Town With A Little Luck
43%
Wings at the Speed of Sound Cook of the House
42%
Singles Hi Hi Hi
42%
Venus and Mars Letting Go
42%
Red Rose Speedway Medley: Hold Me Tight / Lazy Dynamite / Hands of Love / Power Cut
42%
Kisses on the Bottom My Valentine
42%
Singles Wonderful Christmastime
42%
Flaming Pie Calico Skies
41%
Chaos and Creation in the Backyard Fine Line
41%
Venus and Mars Spirits of Ancient Egypt
41%
McCartney II Frozen Jap
40%
Singles Helen Wheels
40%
Off the Ground Hope of Deliverance
40%
Singles Junior's Farm
40%
Band On The Run No Words
40%
Wild Life Tomorrow
40%
McCartney That Would Be Something
39%
Wild Life Mumbo
39%
Wild Life Mumbo (Link)
39%
Tug of War Take It Away
39%
Give My Regards to Broad Street | Tug of War Ballroom Dancing
38%
McCartney Oo You
38%
Back to the Egg Getting Closer
38%
Red Rose Speedway Little Lamb Dragonfly
38%
Wild Life Love Is Strange
38%
NEW Alligator
36%
Chaos and Creation in the Backyard English Tea
36%
McCartney Momma Miss America
36%
Give My Regards to Broad Street | Tug of War Wanderlust
36%
Egypt Station I Don't Know
35%
Driving Rain I Do
35%
Venus and Mars Love In Song
35%
McCartney Man We Was Lonely
35%
Singles Mary Had a Little Lamb
35%
NEW Save Us
35%
Pipes of Peace Tug of Peace
35%
Wings at the Speed of Sound Beware My Love
34%
Singles Goodnight Tonight
34%
Flaming Pie The World Tonight
34%
McCartney III Winter Bird / When Winter Comes
34%
London Town Cafe on the Left Bank
33%
Singles C Moon
33%
Give My Regards to Broad Street Eleanor Rigby
33%
Wild Life I Am Your Singer
33%
Red Rose Speedway Loup (1st Indian on the Moon)
33%
NEW Queenie Eye
33%
McCartney III The Kiss of Venus
33%
Venus and Mars Treat Her Gently - Lonely Old People
33%
McCartney Valentine Day
33%
Wings at the Speed of Sound Warm and Beautiful
33%
Give My Regards to Broad Street Yesterday
33%
Flaming Pie Beautiful Night
32%
McCartney III Find My Way
32%
Singles Give Ireland Back to the Irish
32%
Red Rose Speedway One More Kiss
32%
Back to the Egg Reception
32%
Back to the Egg Spin It On
32%
Flowers in the Dirt This One
32%
Venus and Mars You Gave Me The Answer
32%
Venus and Mars Call Me Back Again
31%
McCartney Kreen-Akrore
31%
Wings at the Speed of Sound She's My Baby
31%
Red Rose Speedway Single Pigeon
31%
Back to the Egg Baby's Request
30%
Venus and Mars Crossroads
30%
London Town Cuff Link
30%
Red Rose Speedway Get On The Right Thing
30%
Give My Regards to Broad Street Here, There, and Everywhere
30%
Flaming Pie Little Willow
30%
McCartney III Long Tailed Winter Bird
30%
Back to the Egg Old Siam, Sir
30%
Give My Regards to Broad Street | Pipes of Peace So Bad
30%
Wings at the Speed of Sound The Note You Never Wrote
30%
Flaming Pie Young Boy
30%
McCartney II Darkroom
28%
Tug of War Get It
28%
Tug of War Somebody Who Cares
28%
Wild Life Some People Never Know
28%
Flaming Pie The Song We Were Singing
28%
McCartney III Deep Deep Feeling
27%
Driving Rain Freedom
27%
London Town I'm Carrying
27%
Flowers in the Dirt Motor of Love
27%
Chaos and Creation in the Backyard Too Much Rain
27%
Tug of War What's That You're Doing?
27%
McCartney III Slidin'
26%
Memory Almost Full Ever Present Past
26%
McCartney III Lavatory Lil
26%
Wings at the Speed of Sound Must Do Something About It
26%
Chaos and Creation in the Backyard Riding to Vanity Fair
26%
Flaming Pie Somedays
26%
Tug of War The Pound Is Sinking
26%
Flowers in the Dirt We Got Married
26%
Egypt Station Who Cares
26%
Back to the Egg Winter Rose / Love Awake
26%
McCartney III Women and Wives
26%
London Town Backwards Traveller
25%
Off the Ground Biker Like an Icon
25%
Egypt Station Despite Repeated Warnings
25%
Flowers in the Dirt Distractions
25%
NEW Early Days
25%
McCartney II One of These Days
25%
NEW On My Way to Work
25%
Flowers in the Dirt Put It There
25%
Back to the Egg Rockestra Theme
25%
Back to the Egg The Broadcast
25%
Memory Almost Full The End of the End
25%
Pipes of Peace The Man
25%
Chaos and Creation in the Backyard This Never Happened Before
25%
Flaming Pie Used to Be Bad
25%
Wings at the Speed of Sound Wino Junko
25%
Egypt Station Back in Brazil
24%
Tug of War Dress Me Up as a Robber
24%
Flowers in the Dirt Figure of Eight
24%
Give My Regards to Broad Street For No One
24%
Chaos and Creation in the Backyard Friends to Go
24%
London Town Girlfriend
24%
Flaming Pie Great Day
24%
Driving Rain Heather
24%
Memory Almost Full Only Mama Knows
24%
Back to the Egg We're Open Tonight
24%
Pipes of Peace Average Person
23%
McCartney II Bogey Music
23%
London Town Children Children
23%
Off the Ground C'Mon People
23%
Singles Daytime Nighttime Suffering
23%
London Town Deliver Your Children
23%
Egypt Station Do It Now
23%
Egypt Station Hunt You Down / Naked / C-Link
23%
Memory Almost Full Mr. Bellamy
23%
Singles Oh Woman, Oh Why
23%
McCartney II On the Way
23%
Flowers in the Dirt Rough Ride
23%
Pipes of Peace The Other Me
23%
Wings at the Speed of Sound Time to Hide
23%
Back to the Egg Again and Again and Again
22%
Press to Play Angry
22%
London Town Famous Groupies
22%
McCartney II Front Parlour
22%
Egypt Station Happy with You
22%
Flaming Pie Heaven on a Sunday
22%
London Town I've Had Enough
22%
Egypt Station Opening Station
22%
McCartney III Pretty Boys
22%
Back to the Egg So Glad to See You Here
22%
Pipes of Peace Through Our Love
22%
Singles Check My Machine
20%
Egypt Station Dominoes
20%
Singles Girls School
20%
NEW Hosanna
20%
Chaos and Creation in the Backyard How Kind of You
20%
McCartney II Nobody Knows
20%
Memory Almost Full Nod Your Head
20%
Give My Regards to Broad Street Not Such a Bad Boy
20%
Singles Sally G
20%
Wings at the Speed of Sound San Ferry Anne
20%
McCartney III Seize the Day
20%
Memory Almost Full That Was Me
20%
Red Rose Speedway When The Night
20%
Back to the Egg After the Ball / Million Miles
19%
NEW Appreciate
19%
Off the Ground Mistress and Maid
19%
London Town Morse Moose and the Grey Goose
19%
Press to Play Stranglehold
19%
Tug of War Be What You See (Link)
18%
Egypt Station Confidante
18%
Singles Country Dreamer
18%
NEW Everybody Out There
18%
Memory Almost Full House of Wax
18%
Flowers in the Dirt How Many People
18%
NEW I Can Bet
18%
CHOBA B CCCP Kansas City
18%
Pipes of Peace Keep Under Cover
18%
Driving Rain Lonely Road
18%
Off the Ground Looking for Changes
18%
Give My Regards to Broad Street No Values
18%
Driving Rain Rinse the Raindrops
18%
NEW Road
18%
Singles Soily
18%
Flaming Pie Souvenir
18%
Egypt Station Station II
18%
CHOBA B CCCP Twenty Flight Rock
18%
Singles We All Stand Together
18%
Chaos and Creation in the Backyard Anyway
17%
Chaos and Creation in the Backyard At the Mercy
17%
Egypt Station Caesar Rock
17%
McCartney III Deep Down
17%
Give My Regards to Broad Street Eleanor's Dream
17%
Egypt Station Hand in Hand
17%
Flaming Pie If You Wanna
17%
Singles I Lie Around
17%
NEW Looking At Her
17%
London Town Name and Address
17%
Egypt Station People Want Peace
17%
Singles Spies Like Us
17%
Off the Ground The Lovers That Never Were
17%
Memory Almost Full Vintage Clothes
17%
Off the Ground Winedark Open Sea
17%
Flowers in the Dirt You Want Her Too
17%
Chaos and Creation in the Backyard A Certain Softness
16%
Driving Rain From a Lover to a Friend
16%
Give My Regards to Broad Street Good Day Sunshine
16%
Press to Play However Absurd
16%
Kisses on the Bottom I'm Gonna Sit Right Down and Write Myself a Letter
16%
Chaos and Creation in the Backyard I've Only Got Two Hands
16%
Singles Little Woman Love
16%
Driving Rain Magic
16%
Memory Almost Full See Your Sunshine
16%
McCartney II Summer's Day Song
16%
Pipes of Peace Sweetest Little Show
16%
Press to Play Talk More Talk
16%
Flowers in the Dirt That Day is Done
16%
CHOBA B CCCP Ain't That a Shame
15%
Flowers in the Dirt Don't Be Careless Love
15%
London Town Don't Let It Bring You Down
15%
Chaos and Creation in the Backyard Follow Me
15%
Press to Play Good Times Coming / Feel the Sun
15%
Memory Almost Full Gratitude
15%
Pipes of Peace Hey Hey
15%
Run Devil Run Lonesome Town
15%
CHOBA B CCCP Lucille
15%
Press to Play Move Over Busker
15%
Run Devil Run No Other Baby
15%
Press to Play Pretty Little Head
15%
Chaos and Creation in the Backyard Promise to You Girl
15%
Flaming Pie Really Love You
15%
Back to the Egg To You
15%
Driving Rain Your Loving Flame
15%
Memory Almost Full You Tell Me
15%
Press to Play Footprints
14%
Off the Ground Get Out of My Way
14%
Off the Ground Golden Earth Girl
14%
Singles Home Tonight
14%
Kisses on the Bottom Home (When Shadows Fall)
14%
Singles Hope for the Future
14%
Singles Once Upon a Long Ago
14%
Press to Play Only Love Remains
14%
Singles Ou Est le Soleil?
14%
Off the Ground Peace in the Neighbourhood
14%
Driving Rain Riding into Jaipur
14%
Singles Seaside Woman
14%
Driving Rain Tiny Bubble
14%
Singles Walking in the Park with Eloise
14%
Run Devil Run All Shook Up
13%
Memory Almost Full Feet in the Clouds
13%
Give My Regards to Broad Street Goodnight Princess
13%
Off the Ground I Owe It All to You
13%
Run Devil Run Movie Magg
13%
Run Devil Run Party
13%
Run Devil Run Shake a Hand
13%
Driving Rain Spinning on an Axis
13%
Run Devil Run Brown Eyed Handsome Man
11%
Run Devil Run Coquette
11%
Singles Ode to a Koala Bear
11%
Singles Rudolph the Red-Nosed Reggae
11%
Driving Rain She's Given Up Talking
11%
Kisses on the Bottom The Inch Worm
11%
Singles The Mess
11%
Driving Rain Your Way
11%
Driving Rain About You
10%
Run Devil Run I Got Stung
10%
Singles In A Hurry
10%
Kisses on the Bottom Only Our Hearts
10%
Singles Secret Friend
10%
Run Devil Run She Said Yeah
10%
Run Devil Run Try Not to Cry
10%
Run Devil Run What It Is
10%
Singles Zoo Gang
10%
Kisses on the Bottom Ac-Cent-Tchu-Ate the Positive
9%
Driving Rain Back in the Sunshine Again
9%
Run Devil Run Blue Jean Bop
9%
CHOBA B CCCP Don't Get Around Much Anymore
9%
Singles Flying to My Home
9%
Singles Lunch Box / Odd Sox
9%
CHOBA B CCCP Midnight Special
9%
Kisses on the Bottom My Very Good Friend the Milkman
9%
Singles Rainclouds
9%
CHOBA B CCCP Bring It On Home to Me
8%
Give My Regards to Broad Street Corridor Music
8%
CHOBA B CCCP Crackin' Up
8%
Run Devil Run Honey Hush
8%
Singles I Can't Imagine
8%
CHOBA B CCCP Lawdy, Miss Clawdy
8%
Singles Long Leather Coat
8%
Singles Summer of '59
8%
Singles Write Away
8%
Singles Back on My Feet
7%
Singles Bridge on the River Suite
7%
Singles B-Side to Seaside
7%
Kisses on the Bottom Bye Bye Blackbird
7%
Kisses on the Bottom Get Yourself Another Fool
7%
Singles I'll Give You a Ring
7%
CHOBA B CCCP Just Because
7%
Singles Mama's Little Girl
7%
Singles My Carnival
7%
Kisses on the Bottom Always
6%
Singles It's Not True
6%
Kisses on the Bottom It's Only a Paper Moon
6%
Singles Looking for You
6%
Singles Love Come Tumbling Down
6%
Kisses on the Bottom More I Cannot Wish You
6%
CHOBA B CCCP That's All Right Mama
6%
Singles The First Stone
6%
Kisses on the Bottom The Glory of Love
6%
Singles Tough on a Tightrope
6%
Kisses on the Bottom We Three (My Echo, My Shadow, and Me)
6%
Singles Party Party
5%
Singles All My Trials
3%
Singles A Leaf
2%
Singles Growing Up Falling Down
2%
Singles Tropical Island Hum
2%
No matching quizzes found
Score Distribution
Percent of People with Each Score
Percentile by Number Answered
Your Score History
You have not taken this quiz since the last reset